|
|
|
|
| LEADER |
00000nam a2200000 4500 |
| 001 |
vtls011785554 |
| 003 |
SK-MaSNL |
| 005 |
20260301100231.0 |
| 008 |
200205s2018 xo a e np 000 0 slo |
| 015 |
|
|
|a SNBA2018/10
|
| 020 |
|
|
|a 9788057000242
|q (brožované)
|
| 035 |
|
|
|a urn:nbn:sk:snk-am00d83k
|
| 035 |
|
|
|a urn:nbn:sk:snk-am3hsv2
|
| 035 |
|
|
|a 228808DE-F943-41F2-AEDC-EC337ACF6875
|
| 040 |
|
|
|a SNK
|b slo
|c SNK
|e rda
|
| 041 |
0 |
|
|a slo
|
| 044 |
|
|
|a xo
|c SK
|
| 072 |
|
7 |
|a 623
|x Vojenská technika
|2 konspekt
|
| 080 |
|
|
|a 623.4
|2 2011
|
| 080 |
|
|
|a (075.8)
|2 2011
|
| 080 |
|
|
|a 623.4.01
|2 2011
|
| 080 |
|
|
|a 534.01
|2 2011
|
| 100 |
1 |
|
|a Tvarožek, Ján
|4 aut
|9 269407
|
| 245 |
1 |
0 |
|a Kmitanie lafiet a podstavcov
|b učebný text
|c Ján Tvarožek
|
| 250 |
|
|
|a Vydanie prvé
|
| 264 |
|
1 |
|a Dubnica nad Váhom
|b G.E. s.r.o.
|c 2018
|
| 300 |
|
|
|a 70 strán
|b ilustrácie
|c 30 cm
|
| 336 |
|
|
|a text
|b txt
|2 rdacontent
|
| 337 |
|
|
|a bez média
|b n
|2 rdamedia
|
| 338 |
|
|
|a zväzok
|b nc
|2 rdacarrier
|
| 366 |
|
|
|e 100 kusov
|
| 504 |
|
|
|a Bibliografia na strane 65-69 ; prehľad hlavných použitých označení ; výkladový slovník
|
| 650 |
0 |
7 |
|a zbrane
|2 SNKPH
|9 4348
|
| 650 |
0 |
7 |
|a konštrukcie zbraní
|2 SNKPH
|9 106824
|
| 650 |
0 |
7 |
|a Weapons
|2 SNKPHeng
|9 267230
|
| 650 |
0 |
7 |
|a Weapons construction
|2 SNKPHeng
|9 334181
|
| 650 |
0 |
7 |
|a kmitanie
|2 SNKPH
|9 3700
|
| 650 |
0 |
7 |
|a Oscillations
|2 SNKPHeng
|9 291778
|
| 655 |
|
7 |
|a učebnice vysokých škôl
|2 SNKPH
|9 70191
|
| 655 |
|
7 |
|a Textbooks (higher)
|2 SNKPHeng
|9 276436
|
| 919 |
|
|
|a 978-80-570-0024-2
|
| 958 |
|
|
|a NB
|
| 999 |
|
|
|c 685643
|d 687573
|
| 952 |
|
|
|a SNK
|b SNK
|y PREZ
|7 0
|p 17A1337814
|o snkSB 93259
|i snk2018/21185
|8 0
|0 0
|1 0
|4 0
|d 2018-10-16
|f 1
|l 0
|r 2025-05-14 00:00:00
|w 2026-02-23
|
| 952 |
|
|
|a SNK
|b SNK
|y VYP
|7 0
|p 17A1337815
|o snkSB 93259 D1
|i snk2018/21186
|8 0
|0 0
|1 0
|4 0
|d 2018-10-16
|l 0
|r 2026-02-23 20:10:55
|w 2026-02-23
|